| 000 | 00409nam a22001571a 4500 | ||
|---|---|---|---|
| 001 | 5793 | ||
| 003 | OSt | ||
| 005 | 20260204212029.0 | ||
| 008 | 060210s1995||||DR ||||||b||||||||||spa|| | ||
| 050 | _aRD 323.445 R299l | ||
| 110 | _aRepública Dominicana | ||
| 245 | _aLey No.6132 ley de expresión y difusión del pensamiento | ||
| 264 | _aSanto Domingo: Congreso Nacional | ||
| 300 | _a23 pÌ | ||
| 942 |
_2ddc _cBK |
||
| 999 |
_c5793 _d5793 |
||